Word Ladder: Carrey-Cooper Flick Quiz Stats

Quiz Updated Jun 1, 2016

Challenge
Share
Tweet
Embed
Score 0/15 Timer 01:30
0 Plays Today
Clue 3-Letter Word % Correct
Color of most rubiesRED
98%
A tamed animal kept for companionshipPET
97.5%
Touch quickly and gently with the flat of the handPAT
96.4%
The edge of a basketball netRIM
95.9%
Covered with water or another liquidWET
95.8%
Word that can follow mouse, lily or brakePAD
94.8%
Band which sings 'Everybody Hurts' and 'Losing My Religion'REM
94.2%
✩ Sean O'Bryan character in [Rung 1 ][Rung 15] OR A Mark Wahlberg movie with a talking bear ✩✩ TED ✩
92.4%
Clue 3-Letter Word % Correct
A small amountTAD
91.1%
✩ Rocky Carroll character in [Rung 1] [Rung 15] OR Movie director Craven ✩✩ WES ✩
86.6%
✩ Canadian Actor Carrey who plays Carl Allen in [Rung 1] [Rung 15] ✩✩ JIM ✩
84.4%
✩ Mr. Carrey, Zooey Deschanel and Bradley Cooper 2008 flick [Rung 1 ] [Rung 15] OR 'A ___ for All Seasons' ✩✩ MAN ✩
74%
✩ Mr. Carrey, Zooey Deschanel and Bradley Cooper 2008 flick [Rung 1 ] [Rung 15] OR A word of assent ✩✩ YES ✩
72.6%
A dynasty that ruled China AD 265-420JIN
66%
Author of 'Berenstain Bears' books with husband StanJAN
63.8%

Today's Daily Dose

Missing Word
1971 Movies A-Z

Word Ladder
Complete Tour

Quick Pick
Logo Colors

On This Day
January 19th

You're not logged in!

Compare scores with friends on all Sporcle quizzes.
Sign Up with Email
OR
Log In

You Might Also Like...

Show Comments

Extras

Top Quizzes Today


Score Distribution

Your Account Isn't Verified!

In order to create a playlist on Sporcle, you need to verify the email address you used during registration. Go to your Sporcle Settings to finish the process.